Normal view
MARC view
- Gulli A. & Kapoor A
Entry Personal Name
001 - CONTROL NUMBER
- control field: 201019
003 - CONTROL NUMBER IDENTIFIER
- control field: OSt
005 - DATE AND TIME OF LATEST TRANSACTION
- control field: 20230714220331.0
008 - FIXED-LENGTH DATA ELEMENTS
- fixed length control field: 230714|| aca||aabn | a|a d
040 ## - CATALOGING SOURCE
- Original cataloging agency: OSt
- Transcribing agency: OSt
100 ## - HEADING--PERSONAL NAME
- Personal name: Gulli A. & Kapoor A
670 ## - SOURCE DATA FOUND
- Source citation: Work cat.: (OSt)223800: Gulli A. 201018, TensorFlow 1.x Deep Learning Cookbook, 2017